000 00677nam a22001937a 4500
005 20251108172907.0
008 250721s2001 xx 000 0 ara d
082 1 4 _a213.63/باز
100 1 _aبن باز، عبد العزيز بن عبد الله
245 1 0 _aفتاوى العلماء الأكابر فيما أهدر من دماء في الجزائر /
264 1 _aعمان :
_bالمكتبه الظاهريه،
_c2001.
300 _a231 ص.
650 1 7 _aالأحاديث
650 1 7 _aالفتاوى
700 1 _aالالباني، محمد ناصر الدين
700 1 _aبن عثيمين، محمد بن صالح
942 _2ddc
_cBK
999 _c91157
_d91157